000 00226nam a22001097a 4500
082 _aSCH
100 _aSchwarz S E
245 _aElectromagnetic for engineers
260 _aLondon
_bHRW Pub
_c1990
300 _a412
942 _cBK
999 _c57774
_d57771